Normal view
MARC view
- سيكولوجية النمو-علم النفس التربوي
Entry Topical Term
001 - CONTROL NUMBER
- control field: 26161
003 - CONTROL NUMBER IDENTIFIER
- control field: JO-AjAnu
005 - DATE AND TIME OF LATEST TRANSACTION
- control field: 20230606074448.0
008 - FIXED-LENGTH DATA ELEMENTS
- fixed length control field: 230606|| aca||aabn | a|a d
040 ## - CATALOGING SOURCE
- Original cataloging agency: JO-AjAnu
- Transcribing agency: JO-AjAnu
150 ## - HEADING--TOPICAL TERM
- Topical term or geographic name entry element: سيكولوجية النمو-علم النفس التربوي
670 ## - SOURCE DATA FOUND
- Source citation: Work cat.: (JO-AjAnu)13445: الريماوي،محمد عوده , author 26160, علم نفس النمو:الطفولة والمراهقة